Ingenieria de la cinetica quimica / (Registro nro. 64654)
[ vista simple ]
| 000 -CABECERA | |
|---|---|
| campo de control de longitud fija | 00644cam a22002412u 4500 |
| 001 - NÚMERO DE CONTROL | |
| campo de control | LIBRI-013282 |
| 003 - IDENTIFICADOR DEL NÚMERO DE CONTROL | |
| campo de control | AR-CrUNPB |
| 007 - CAMPO FIJO DE DESCRIPCIÓN FÍSICA--INFORMACIÓN GENERAL | |
| campo de control de longitud fija | ta |
| 008 - DATOS DE LONGITUD FIJA--INFORMACIÓN GENERAL | |
| campo de control de longitud fija | 170901s1980 mx r 000 0 spa d |
| 040 ## - FUENTE DE LA CATALOGACIÓN | |
| Centro catalogador/agencia de origen | AR-CrUNPB |
| 082 0# - NÚMERO DE LA CLASIFICACIÓN DECIMAL DEWEY | |
| Número de clasificación | 660.299 4/S.23-2 |
| Número de edición | 20 |
| 100 1# - ENTRADA PRINCIPAL--NOMBRE DE PERSONA | |
| Nombre de persona | Smith, J M |
| 245 10 - MENCIÓN DE TÍTULO | |
| Título | Ingenieria de la cinetica quimica / |
| Mención de responsabilidad, etc. | J M Smith |
| 250 ## - MENCIÓN DE EDICIÓN | |
| Mención de edición | 2a.ed. |
| 255 ## - DATOS MATEMÁTICOS CARTOGRÁFICOS | |
| Mención de escala | .299 4 |
| 260 ## - PUBLICACIÓN, DISTRIBUCIÓN, ETC. (PIE DE IMPRENTA) | |
| Lugar de publicación, distribución, etc. | Mexico : |
| Nombre del editor, distribuidor, etc. | Compañia Editorial Continental, |
| Fecha de publicación, distribución, etc. | 1980 |
| 300 ## - DESCRIPCIÓN FÍSICA | |
| Extensión | 672 p |
| 590 ## - NOTA LOCAL (RLIN) | |
| Nota local | Registros migrados a formato MARC |
| 650 #7 - PUNTO DE ACCESO ADICIONAL DE MATERIA--TÉRMINO DE MATERIA | |
| Término de materia o nombre geográfico como elemento inicial | INGENIERIA QUIMICA |
| Fuente del encabezamiento o término | Unescot |
| 9 (RLIN) | 3803 |
| 700 1# - PUNTO DE ACCESO ADICIONAL--NOMBRE DE PERSONA | |
| Nombre de persona | Eroles Gomez, Antonio |
| Término indicativo de función/relación | tr |
| 942 ## - ELEMENTOS DE PUNTO DE ACCESO ADICIONAL (KOHA) | |
| Tipo de ítem Koha | Libros |
| 910 ## - Autoría del registro | |
| Catalogador/fecha | lg000824 |
| Estado de retiro | Estado de pérdida | Estado dañado | No para préstamo | Localización permanente | Ubicación/localización actual | Fecha de adquisición | Total de préstamos | Signatura topográfica completa | Código de barras | Fecha visto por última vez | Precio válido a partir de | Tipo de ítem Koha | Fecha del último préstamo |
|---|---|---|---|---|---|---|---|---|---|---|---|---|---|
| En estantería | Presente | Para el préstamo | Com. Rivadavia: Biblioteca Central "Dr. Eduardo Musacchio" | Com. Rivadavia: Biblioteca Central "Dr. Eduardo Musacchio" | 27/09/2017 | 660.299 4/S.23-2 | C12972 | 27/09/2017 | 27/09/2017 | Libros | |||
| En estantería | Presente | Para el préstamo | Com. Rivadavia: Biblioteca Central "Dr. Eduardo Musacchio" | Com. Rivadavia: Biblioteca Central "Dr. Eduardo Musacchio" | 27/09/2017 | 1 | 660.299 4/S.23-2 | C12973 | 30/08/2019 | 27/09/2017 | Libros | 30/08/2019 | |
| En estantería | Presente | Para el préstamo | Com. Rivadavia: Biblioteca Central "Dr. Eduardo Musacchio" | Com. Rivadavia: Biblioteca Central "Dr. Eduardo Musacchio" | 27/09/2017 | 660.299 4/S.23-2 | C12974 | 27/09/2017 | 27/09/2017 | Libros |